Engineering Hydrology CE-454 (Record no. 553666)
[ view plain ]
| 000 -LEADER | |
|---|---|
| fixed length control field | 00335nam a22001217a 4500 |
| 082 ## - DEWEY DECIMAL CLASSIFICATION NUMBER | |
| Classification number | CP-40 |
| 100 ## - MAIN ENTRY--PERSONAL NAME | |
| Personal name | Waqas Azhar Khan, Maj |
| 9 (RLIN) | 50913 |
| 245 ## - TITLE STATEMENT | |
| Title | Engineering Hydrology CE-454 |
| Remainder of title | Waqas Azhar Khan, Maj |
| Statement of responsibility, etc. | Course Pack |
| 250 ## - EDITION STATEMENT | |
| Edition statement | Fall Semester 2015 |
| 260 ## - PUBLICATION, DISTRIBUTION, ETC. | |
| Place of publication, distribution, etc. | Risalpur, |
| Name of publisher, distributor, etc. | MCE, |
| Date of publication, distribution, etc. | 2016. |
| 526 ## - STUDY PROGRAM INFORMATION NOTE | |
| Program name | 0 |
| Interest level | 0 |
| Reading level | 0 |
| Title point value | CP_40 |
| 942 ## - ADDED ENTRY ELEMENTS (KOHA) | |
| Source of classification or shelving scheme | |
| Koha item type | Book Bank |
| Withdrawn status | Lost status | Source of classification or shelving scheme | Damaged status | Not for loan | Permanent Location | Current Location | Date acquired | Total Checkouts | Full call number | Barcode | Date last seen | Date last checked out | Price effective from | Koha item type |
|---|---|---|---|---|---|---|---|---|---|---|---|---|---|---|
| Military College of Engineering (MCE) | Military College of Engineering (MCE) | 02/25/2016 | 1 | CP-40 | MCE-CP-40 | 03/13/2019 | 02/25/2016 | 03/14/2021 | Book Bank |
